01592 a2200169 45000010006000000050017000060080041000230030015000640400040000790800022001192450029001412640057001703000039002275051111002661000024013777000021014012929720260407155602.0260407a1974 arg spa dAR-UNSa-BCEJYS aAR-UNSa-BCEJYSbspacAR-UNSa-BCEJYS a657xContabilidad10aContabilidad de empresas 1aMéxico :bCentro Regional de Ayuda Técnicac1974 a2 v.(xiv, 185; xiv,109 p.)c27 cm. aVol. I: 1. Repaso del proceso contable - 2. Fundamentos de la teoría contable - 3. Inventarios- Genralidades - 4. Inventarios - Sistemas de inventario permanente - 5. Inventarios - Procedimiento para su estimación - 6. Bienes de Uso -Adquisición, utilización y baja - 7. Bienes de uso - Amortización, agotamiento y revalúo - 8. Disponiblidades e inversiones temporarias - 10. Créditos - 11. Inversiones a largo plazo en acciones - 12. Pasivo corriente y pasivo contigente - 13. Sociedades anónimas - su formación - 14. Sociedades anónimas - Destino de las utilidades no distribuidas -- Vol. II: 17. Principios de matemática financiera y sus aplicaciones en contabilidad - 18. Contabilización de operaciones con bonos - 19. Fondos con fines determinados - 20. Registros incompletos y corrección de errores - 21. Imputación de impuesto a los réditos y efectos contables del nivel de precios - 22. Pensiones y arrendamientos - 23. Estados comparativos y análisis por medio de índices - 24. Análisis de variaciones y punto de equilibrio - 25. Análisis del flujo de fondos.1 aHermanson, Roger H.1 aWelsch, Glenn A.